Maiores cias aéreas da américa em 2026 - Statistics

Estatísticas Gerais
  • Esse quiz foi jogado 10 vezes
  • A pontuação média é 14 de 41
Estatísticas das Respostas
País Frota Cia Aérea % Correto
Colômbia 162 Avianca
100%
Brasil 176 Azul Linhas Aéreas
100%
Brasil 145 Gol Linhas Aéreas
100%
Estados Unidos 1016 American Airlines
88%
Chile 368 Latam Airlines
88%
Estados Unidos 1058 United Airlines
88%
Canadá 215 Air Canada
75%
Argentina 83 Aerolineas Argentinas
63%
México 167 Aeromexico
63%
Estados Unidos 988 Delta Airlines
63%
Estados Unidos 338 Alaska Airlines
50%
Panamá 113 Copa Airlines
50%
Estados Unidos 126 Allegiant Air
38%
Estados Unidos 288 JetBlue
38%
Estados Unidos 802 Southwest Airlines
38%
Estados Unidos 126 Spirit Airlines
38%
Estados Unidos 60 Breeze Airways
25%
Venezuela 24 Conviasa
25%
Argentina 19 Flybondi
25%
Estados Unidos 176 Frontier Airlines
25%
Chile 54 Jetsmart
25%
Canadá 81 Porter Airlines
25%
México 122 Viva
25%
México 157 Volaris
25%
Canadá 158 Westjet
25%
Canadá 43 Air Transat
13%
Trinidad e Tobago 20 Caribbean Airlines
13%
Colombia 20 Clic
13%
Colombia 20 Satena
13%
Chile 36 Sky Airline
13%
Estados Unidos 68 Sun Country Airlines
13%
México 84 Aeronaves TSM
0%
Estados Unidos 50 Air Transport International
0%
Estados Unidos 98 Amazon Prime Air
0%
Estados Unidos 86 Atlas Air
0%
Estados Unidos 27 Contour Airlines
0%
Estados Unidos 474 FedEx Express
0%
Estados Unidos 75 Hawaiian Airlines
0%
Estados Unidos 37 Kalitta Air
0%
Brasil 20 Sideral Linhas Aéreas
0%
Estados Unidos 296 United Parcel Service
0%
Nenhum quiz correspondente encontrado
Distribuição das Pontuações
Porcentagem de Pessoas com Cada Pontuação
Percentil de Números Respondidos
Sua Pontuação Histórica
Você não jogou esse quiz